Analysis of Merchandising System in Metro Cash and Carry LLC; International Business Information Management Association Conference, IBIMA

Dades bibliogràfiques
Parent link:International Business Information Management Association Conference, IBIMA.— 2021.— [P. 2037-2042]
Autor corporatiu: Национальный исследовательский Томский политехнический университет Школа базовой инженерной подготовки Отделение социально-гуманитарных наук, Национальный исследовательский Томский политехнический университет Школа инженерного предпринимательства
Altres autors: Trubchenko T. G. Tatiana Grigorievna, Menshikova E. V. Ekaterina Valentinovna, Potekhina N. V. Nina Vasiljevna, Dreval A. N. Anatoly Nikolaevich, Krinitsyna Z. V. Zoya Vasilievna, Khazanov O. V. Oleg Vladimirovich, Verkhovskaya M. V. Marina Vitalievna, Shaftelskaya N. V. Nataljya Valerjevna
Sumari:Title screen
Режим доступа: по договору с организацией-держателем ресурса
Idioma:anglès
Publicat: 2021
Matèries:
Accés en línia:https://ibima.org/accepted-paper/analysis-of-merchandising-system-in-metro-cash-and-carry-llc/
Format: MixedMaterials Electrònic Capítol de llibre
KOHA link:https://koha.lib.tpu.ru/cgi-bin/koha/opac-detail.pl?biblionumber=669512

MARC

LEADER 00000naa0a2200000 4500
001 669512
005 20250708134250.0
035 |a (RuTPU)RU\TPU\network\40764 
035 |a RU\TPU\network\34935 
090 |a 669512 
100 |a 20230620d2021 k||y0rusy50 ba 
101 0 |a eng 
135 |a drcn ---uucaa 
181 0 |a i  
182 0 |a b 
200 1 |a Analysis of Merchandising System in Metro Cash and Carry LLC  |f T. G. Trubchenko, E. V. Menshikova, N. V. Potekhina [et al.] 
203 |a Текст  |c электронный 
300 |a Title screen 
333 |a Режим доступа: по договору с организацией-держателем ресурса 
463 |t International Business Information Management Association Conference, IBIMA  |o 38th International Conference, Seville, November 23-24, 2021  |v [P. 2037-2042]  |d 2021 
610 1 |a электронный ресурс 
610 1 |a труды учёных ТПУ 
701 1 |a Trubchenko  |b T. G.  |c economist  |c Associate Professor of Tomsk Polytechnic University, candidate of economic sciences  |f 1975-  |g Tatiana Grigorievna  |3 (RuTPU)RU\TPU\pers\37057  |9 20067 
701 1 |a Menshikova  |b E. V.  |c philosopher  |c Associate Professor of Tomsk Polytechnic University, Candidate of Philosophical Sciences  |f 1974-  |g Ekaterina Valentinovna  |3 (RuTPU)RU\TPU\pers\33521  |9 17189 
701 1 |a Potekhina  |b N. V.  |c economist, specialist in the field of management  |c Senior Lecturer of Tomsk Polytechnic University  |f 1982-  |g Nina Vasiljevna  |3 (RuTPU)RU\TPU\pers\37123  |9 20116 
701 1 |a Dreval  |b A. N.  |c specialist in the field of management  |c Associate Professor of Tomsk Polytechnic University, Candidate of technical sciences  |f 1951-  |g Anatoly Nikolaevich  |3 (RuTPU)RU\TPU\pers\31950  |9 16019 
701 1 |a Krinitsyna  |b Z. V.  |c economist  |c Associate Professor of Tomsk Polytechnic University, Candidate of technical sciences  |f 1957-  |g Zoya Vasilievna  |3 (RuTPU)RU\TPU\pers\30988  |9 15225 
701 1 |a Khazanov  |b O. V.  |g Oleg Vladimirovich 
701 1 |a Verkhovskaya  |b M. V.  |c specialist in the field of management  |c Associate Professor of Tomsk Polytechnic University, candidate of economic sciences  |f 1976-  |g Marina Vitalievna  |3 (RuTPU)RU\TPU\pers\37061  |9 20071 
701 1 |a Shaftelskaya  |b N. V.  |g Nataljya Valerjevna 
712 0 2 |a Национальный исследовательский Томский политехнический университет  |b Школа базовой инженерной подготовки  |b Отделение социально-гуманитарных наук  |3 (RuTPU)RU\TPU\col\23512 
712 0 2 |a Национальный исследовательский Томский политехнический университет  |b Школа инженерного предпринимательства  |c (2017- )  |3 (RuTPU)RU\TPU\col\23544 
801 2 |a RU  |b 63413507  |c 20230620  |g RCR 
850 |a 63413507 
856 4 |u https://ibima.org/accepted-paper/analysis-of-merchandising-system-in-metro-cash-and-carry-llc/  |z https://ibima.org/accepted-paper/analysis-of-merchandising-system-in-metro-cash-and-carry-llc/ 
942 |c CF